LEADER 01434nam1-2200433---450- 001 990000787610203316 005 20091117122027.0 035 $a0078761 035 $aUSA010078761 035 $a(ALEPH)000078761USA01 035 $a0078761 100 $a20011205d20012002km-y0itay0103----ba 101 $aita 102 $aIT 105 $a||||||||001yy 200 1 $a<> valutazione degli investimenti pubblici$ei progetti di sviluppo nell'Unione Europea e nell'esperienza internazionale$fMassimo Florio 210 $aMilano$cF. Angeli$dcopyr. 2001-2002 215 $a2 v.$d23 cm 327 1 $aVol. 1: Principi e metodi di analisi - 2001 - 180 p. -- Vol. 2: Settori di applicazione e studio dei casi - 2002 - 294 p. 410 0$12001 454 1$12001 461 1$1001-------$12001 606 0 $aInvestimenti pubblici$xValutazione$yEuropa 676 $a338.9 676 $a332.67252 700 1$aFLORIO,$bMassimo$039563 801 0$aIT$bsalbc$gISBD 912 $a990000787610203316 951 $aIEP VII$bE.C.$cIEP VII 959 $aBK 969 $aECO 979 $aPAOLA$b90$c20011205$lUSA01$h0945 979 $aPAOLA$b90$c20011205$lUSA01$h0954 979 $aPAOLA$b90$c20011205$lUSA01$h0959 979 $c20020403$lUSA01$h1725 979 $aPATRY$b90$c20040406$lUSA01$h1654 979 $aDISTRA2$b90$c20091117$lUSA01$h1220 996 $aValutazione degli investimenti pubblici$951950 997 $aUNISA LEADER 00892nam--2200325---450- 001 990003548370203316 005 20110711162656.0 035 $a000354837 035 $aUSA01000354837 035 $a(ALEPH)000354837USA01 035 $a000354837 100 $a20110707d1914----km-y0itay50------ba 101 0 $aita 102 $aIT 105 $ay|||||||001yy 200 1 $a<> palingenesi$fMario Rapisardi 210 $aSesto S. Giovanni$cMadella$d1914 215 $a239 p.$d19 cm 676 $a851.8 700 1$aRAPISARDI,$bMario$0161794 801 0$aIT$bsalbc$gISBD 912 $a990003548370203316 951 $aXV.2.A. 148$b610 F.C.$cXV.2.A. 959 $aBK 969 $aCUOMO 979 $aDIONIGI$b90$c20110707$lUSA01$h1525 979 $aDIONIGI$b90$c20110707$lUSA01$h1532 979 $aANNAMARIA$b90$c20110711$lUSA01$h1626 996 $aPalingenesi$9236146 997 $aUNISA